| 000 | 00763nam a2200229Ia 4500 | ||
|---|---|---|---|
| 008 | 210303s9999 xx 000 0 und d | ||
| 016 | _2retro2021 | ||
| 020 | _a9783390112 | ||
| 040 |
_aNLN _bEnglish |
||
| 050 |
_aTL156 _b.S159 |
||
| 082 | _a629.2872076 | ||
| 100 |
_aSALAMI, Kazeem Adebayo _eaut _928655 |
||
| 245 | 0 |
_aAuto-technology fundamentals series II / _cKazeem Adebayo Salami |
|
| 260 |
_aMushin, Lagos ( 207, Agege Motor Road ) : _bInland Printing and Publishers, _c1996 |
||
| 300 |
_avi, 74p. : _bill. ; 21cm. |
||
| 563 | _a(pbk) | ||
| 650 |
_aAutomobiles _vExaminations, questions, etc _928656 |
||
| 650 |
_aAutomobiles _vMaintenance and repair _928657 |
||
| 650 |
_aAutomobiles _vStudy and teaching (Higher) _928658 |
||
| 942 | _cBK | ||
| 942 | _n0 | ||
| 999 |
_c14490 _d14490 |
||